000 00515nam a2200169 a 4500
001 000033781
005 20200930070520.0
008 110909s1977 dr 000 0 spa d
040 _aDO-SdBNP
_bspa
_cBNPHU
082 _axxxx
_bC322m
100 1 _aCartaña, Luis
_99174
245 1 0 _aCanciones olvidadas :
_b(Chansons oubliées) /
_cLuis Cartaña.
260 _aMayaguez, Puerto Rico :
_bNational Printers,
_c1977.
300 _a24 p. ;
_c21 cm.
490 1 _aJardín de espejos
830 0 _aJardín de espejos
_959207
999 _c33272
_d33272